Electronic Evidence in the Courtroom: (Record no. 208481)

MARC details
000 -LEADER
fixed length control field 00647nam a22002057a 4500
005 - DATE AND TIME OF LATEST TRANSACTION
control field 20250114151834.0
010 ## - LCCN (DPL NO)
LC control number ENG-143399
020 ## - INTERNATIONAL STANDARD BOOK NUMBER
Terms of availability 995.00
International Standard Book Number 9789391211998
035 ## - SYSTEM CONTROL NUMBER
System control number EN-126931
037 ## - SOURCE OF ACQUISITION
Source of stock number/acquisition DBAD
082 ## - DEWEY DECIMAL CLASSIFICATION NUMBER
Classification number 345.540
100 ## - MAIN ENTRY--PERSONAL NAME
Personal name Narvankar, Yuvraj P
245 00 - TITLE STATEMENT
Title Electronic Evidence in the Courtroom:
Remainder of title A Lawyer’s Manual/
Statement of responsibility, etc by Yuvraj P Narvankar
250 ## - EDITION STATEMENT
Edition statement 1
260 ## - PUBLICATION, DISTRIBUTION, ETC. (IMPRINT)
Place of publication, distribution, etc Gurgaon
Name of publisher, distributor, etc Lexis Nexis
Date of publication, distribution, etc 2025
270 ## - ADDRESS
Address 14th Floor, Bldg. No.10, Tower-B, DLF Cyber City, Phase-II
City Gurgaon
Postal code 122002
300 ## - PHYSICAL DESCRIPTION
Extent xxix,399p.
Dimensions 24cm(Hb)
700 ## - ADDED ENTRY--PERSONAL NAME
Personal name Dhirajlal
9 (RLIN) 76552
942 ## - ADDED ENTRY ELEMENTS (KOHA)
Source of classification or shelving scheme Dewey Decimal Classification
Item type English Books
Classification part 345.540
Call number suffix NAR
Holdings
Withdrawn status Lost status Not for loan Collection code Home library Current library Date acquired Source of acquisition Cost, normal purchase price Full call number Barcode Copy number Cost, replacement price Koha item type
    Not For Loan Non-fiction Central Library Central Library 14/01/2025 Delivery of Books Act Division 995.00 345.540 NAR EN-126931 1 995.00 English Books

© Delhi Public Library
Hit Counter
free hit counter